|
|
|
|
| LEADER |
01235nam a2200325 a 4500 |
| 001 |
41872 |
| 003 |
BD-DhAAL |
| 005 |
20231011121353.0 |
| 008 |
231011t1985 nyua b 001 0 eng |
| 010 |
|
|
|a 84019124
|
| 020 |
|
|
|a 0716716186
|
| 020 |
|
|
|a 0716716194 (pbk.)
|
| 040 |
|
|
|a DLC
|c DLC
|d DLC
|d BD-DhAAL
|
| 050 |
0 |
0 |
|a BF455
|b .S674 1985
|
| 082 |
0 |
0 |
|a 153
|2 19
|
| 100 |
1 |
|
|a Sternberg, Robert J.
|
| 245 |
1 |
0 |
|a Human abilities :
|b an information-processing approach /
|c edited by Robert J. Sternberg.
|
| 260 |
|
|
|a New York :
|b W.H. Freeman,
|c c1985.
|
| 300 |
|
|
|a xi, 259 pages :
|b illustrations ;
|c 24 cm.
|
| 490 |
|
|
|a A Series of books in psychology
|
| 504 |
|
|
|a Includes bibliographies and indexes.
|
| 541 |
|
|
|a Complimentary copy from BIED
|e 41872
|
| 650 |
|
0 |
|a Human information processing.
|
| 650 |
|
0 |
|a Intellect.
|
| 650 |
|
0 |
|a Ability.
|
| 830 |
|
|
|a A Series of books in psychology
|9 55700
|
| 852 |
|
|
|a Ayesha Abed Library
|c BIED Collection
|
| 942 |
|
|
|2 ddc
|c BK
|
| 999 |
|
|
|c 46225
|d 46225
|
| 952 |
|
|
|0 0
|1 0
|2 ddc
|4 0
|6 153_000000000000000_STE
|7 0
|9 74561
|a BRACUL
|b BRACUL
|c GEN
|d 2023-10-11
|e Complimentary copy from BIED
|l 3
|m 18
|o 153 STE
|p 3010041872
|r 2025-09-11
|s 2025-08-28
|t 1
|w 2023-10-11
|y BK
|x Transferred from BIED to General Stacks
|